| 000 | 00685nam a2200241 u 4500 | ||
|---|---|---|---|
| 001 | 000020463 | ||
| 003 | DO-SdBNP | ||
| 005 | 20171107113204.0 | ||
| 007 | 000020463 | ||
| 008 | 100809s1997 dr r 000 0 spa d | ||
| 040 |
_aBPMET _bspa _cBPMET |
||
| 092 |
_a658.401 _bR514s |
||
| 100 | 1 | _aRichards, William | |
| 245 | 1 | 0 |
_aSistema de bienes raices y desarrollo / _cWilliam Richards. |
| 260 |
_aSanto Domingo : _bContacompu , _c1997. |
||
| 300 |
_a209 p. : _bil. ; _c23 cm. |
||
| 650 | 4 | _aBIENES RAICES | |
| 650 | 4 | _aPLANIFICACIÓN EMPRESARIAL | |
| 942 |
_2ddc _cBK |
||
| 945 | _aInventariado / 2017 VM | ||
| 956 |
_a _b _c _l _h |
||
| 956 |
_aVMATEO _b10 _c20150501 _lBPMSU _h00151 |
||
| 999 |
_c7768 _d7768 |
||